| 000 | 00675nam a2200217 a 4500 | ||
|---|---|---|---|
| 005 | 20210223120512.0 | ||
| 008 | 991125s1975 es 000 0 spa u | ||
| 020 | _a8433593536 | ||
| 035 | _aUPN01000002416 | ||
| 049 | _aCG | ||
| 050 | 4 |
_aE45 _bF6.28 1975 |
|
| 100 | 1 | _aFohlen, Claude | |
| 245 | 1 | 3 |
_aLa América anglosajona : _bde 1815 a nuestros días / _cClaude Fohlen ; tr. Enrique Irazoqui. |
| 250 | _a2a ed. | ||
| 260 |
_aBarcelona, Esp. : _bLabor, _c1975. |
||
| 300 |
_a316 p. : _bmapas |
||
| 440 | 0 |
_aNueva clío. _pLa historia y sus problemas ; _v43 |
|
| 651 | 4 |
_aAMERICA DEL NORTE - _xHISTORIA - _y1815- _92687 |
|
| 650 | 4 |
_aANGLOSAJONA, RAZA _91043 |
|
| 905 | _aLibro | ||
| 999 |
_c2416 _d2416 |
||